| 000 | 00378nam a2200133Ia 4500 | ||
|---|---|---|---|
| 008 | 231129s9999||||xx |||||||||||||| ||spa|| | ||
| 020 | _a84-599-0622-1 | ||
| 040 | _bspa | ||
| 082 | _a193 S322re | ||
| 100 | _aSchelling Friedrich | ||
| 245 | 0 | _aLa relación del arte con la naturaleza | |
| 264 | _aMadrid España: Sarpe | ||
| 942 |
_2ddc _cBKS |
||
| 999 |
_c18095 _d18095 |
||